000 00236nam a2200097Ia 4500
008 190216s9999||||xx |||||||||||||| ||und||
100 _aPaish F W
245 0 _aBenhanis Economics
260 _bThe English Language Book Society
942 _cBK
999 _c9151
_d9151